[Event "Jaffna op"]
[Site "Jaffna"]
[Date "2023.12.12"]
[Round "9"]
[White "Jyothilal, Narayanan"]
[Black "Kulathilake, SMMP"]
[Result "1-0"]
[WhiteElo "2055"]
[BlackElo "1583"]
[PlyCount "59"]
[EventDate "2023.12.08"]
[EventType "swiss"]
[EventRounds "10"]
[EventCountry "SRI"]
[SourceTitle "CB51_2023"]
[SourceDate "2023.12.20"]
[SourceVersion "1"]
[SourceVersionDate "2023.12.20"]
[SourceQuality "1"]

1. d4 d5 2. Nf3 Nf6 3. c4 e6 4. g3 b6 5. Bg2 Bb7 6. cxd5 exd5 7. 0-0 Bd6 8. Nc3 a6 9. Nh4 0-0 10. Bg5 c6 11. e4 dxe4 12. Nxe4 Be7 13. Nf5 Nd5 14. Qh5 f6 15. Bd2 g6 16. Nxe7+ Qxe7 17. Qf3 Qc7 18. Bh6 Rf7 19. Rac1 Nd7 20. Ng5 Ne5 21. Qb3 fxg5 22. Bxd5 Qd7 23. Bxf7+ Nxf7 24. Bxg5 a5 25. Bf6 Qf5 26. Be5 b5 27. Rc5 Kf8 28. Bd6+ Nxd6 29. Rxf5+ Nxf5 30. Qe6 1-0

[Event "Western Asia-ch U20"]
[Site "Colombo"]
[Date "2023.12.01"]
[Round "3"]
[White "De Silva, LMST"]
[Black "Kulathilake, SMMP"]
[Result "1-0"]
[WhiteElo "2394"]
[BlackElo "1583"]
[PlyCount "69"]
[EventDate "2023.11.30"]
[EventType "swiss"]
[EventRounds "9"]
[EventCountry "SRI"]
[SourceTitle "CB50_2023"]
[SourceDate "2023.12.13"]
[SourceVersion "1"]
[SourceVersionDate "2023.12.13"]
[SourceQuality "1"]

1. Nf3 d5 2. e3 Nf6 3. c4 e6 4. b3 Be7 5. Bb2 0-0 6. Nc3 b6 7. cxd5 exd5 8. d4 Bf5 9. Bd3 Ne4 10. Qc2 Bb4 11. 0-0 Bxc3 12. Bxc3 Nd7 13. Bb2 Rc8 14. Rad1 Qe7 15. Ne5 Nxe5 16. dxe5 Bg6 17. f3 Ng5 18. f4 Bxd3 19. Qxd3 Ne4 20. Qxd5 Nc5 21. Ba3 Rfd8 22. Bxc5 bxc5 23. Qc6 h6 24. Qb7 a5 25. Rc1 f6 26. exf6 Qxe3+ 27. Kh1 gxf6 28. Qa6 Qd4 29. Qe2 Qd3 30. Qe6+ Kg7 31. Qe7+ Kg8 32. Qxf6 Rd6 33. Qe5 Rcd8 34. h3 Qd4 35. Qxc5 1-0

[Event "Veyangoda Queenstar op"]
[Site "Veyangoda"]
[Date "2023.04.20"]
[Round "8"]
[White "Kulathilake, SMMP"]
[Black "Alahakoon, Isuru"]
[Result "0-1"]
[WhiteElo "1515"]
[BlackElo "1874"]
[PlyCount "204"]
[EventDate "2023.04.16"]
[EventType "swiss"]
[EventRounds "9"]
[EventCountry "SRI"]
[SourceTitle "EXT 2024"]
[Source "ChessBase"]
[SourceDate "2023.10.10"]
[SourceVersion "1"]
[SourceVersionDate "2023.10.10"]
[SourceQuality "1"]

1. d4 g6 2. c4 Bg7 3. Nc3 d6 4. e4 Nc6 5. Be3 e5 6. d5 Nd4 7. Qd2 c5 8. dxc6 bxc6 9. Nge2 c5 10. Nd5 f5 11. Nec3 Nf6 12. Bg5 0-0 13. Bd3 Qa5 14. 0-0 f4 15. Bxf6 Bxf6 16. b4 cxb4 17. Nxf6+ Rxf6 18. Nd5 Rf7 19. Qxb4 Qxb4 20. Nxb4 Rb8 21. Nd5 Be6 22. Rfb1 Rxb1+ 23. Rxb1 Bxd5 24. cxd5 Rc7 25. f3 Kf7 26. Rb2 Ke7 27. Kf2 Kd7 28. Ke1 Rc3 29. Kd2 Ra3 30. Bc4 Kc7 31. Bb3 Ra6 32. Bc4 Ra4 33. Kc3 g5 34. h3 Ra3+ 35. Bb3 Kb6 36. Kb4 Nb5 37. Kc4 a5 38. Rb1 Ka6 39. Rb2 h6 40. Rb1 a4 41. Bd1 Rc3+ 42. Kb4 Rd3 43. Rc1 Nd4 44. Bxa4 Rd2 45. Rg1 Rxa2 46. Be8 Kb6 47. Bd7 Re2 48. h4 Re3 49. hxg5 hxg5 50. Bh3 Re2 51. Kc4 Rc2+ 52. Kd3 Rb2 53. Ra1 Rb3+ 54. Kc4 Re3 55. Ra8 Nxf3 56. gxf3 Rxf3 57. Bg4 Rg3 58. Bh5 Rh3 59. Bg4 Rh4 60. Bd1 g4 61. Ra2 f3 62. Kd3 Rh1 63. Bxf3 gxf3 64. Ke3 Rf1 65. Rb2+ Kc7 66. Rc2+ Kd7 67. Rf2 Ra1 68. Kxf3 Ra3+ 69. Kg4 Ke7 70. Rf3 Ra4 71. Kf5 Ra8 72. Kg4 Rg8+ 73. Kh3 Rg1 74. Rg3 Re1 75. Rg4 Re3+ 76. Kg2 Kf6 77. Kf2 Rh3 78. Kg2 Rh5 79. Kf3 Rh3+ 80. Kg2 Rh7 81. Kf3 Ke7 82. Rg2 Rf7+ 83. Ke3 Rh7 84. Rg3 Kd7 85. Kd3 Kc7 86. Kc4 Rh4 87. Re3 Rh2 88. Re1 Rd2 89. Kc3 Rd4 90. Re2 Kb6 91. Rb2+ Kc5 92. Re2 Ra4 93. Kb3 Rb4+ 94. Kc3 Ra4 95. Kb3 Rc4 96. Re1 Rb4+ 97. Kc3 Ra4 98. Kb3 Ra8 99. Rd1 Rh8 100. Kc2 Kc4 101. Rg1 Rh2+ 102. Kd1 Kd3 0-1